01653nam a22003617a 4500003000400000005001700004008004100021040002200062082001800084100002700102245003500129260008200164300001900246490002800265505001400293505006600307505008100373505012700454505005500581505007200636505003700708505009700745505003000842650004100872650004500913650005500958650004401013650005701057650004301114650004401157650004301201650004701244OSt20230424095713.0221006b |||||||| |||| 00| 0 eng d cBiblioteca Lado V a792.05bG143e aGainza, Gastoneeditor aEscena/bRevista de las Artes/ bUniversidad de Costa RicabVicerrectoria de acción socialc2009aCosta Rica c21x28cma130p. v2009v32x1409 2522a64 tEditorial tArquitectura y UrbanismoaLa descentralización vanguardista tArtes Escenicas aCAOSMOS Dramaturgia costarricense contemporanea emergente tArtes MusicalesaBebop y Charlie Parker: Revolución y Evolución El pensamiento del músico Gaspar Agüero Barreras  tArtes VisualesaManifiestos Subyacentes de la obra tProducción AudiovisualaLa otra producción Visual de Bigas Luna tSeccion RescateaMensaje de Arte tSemiotica aLos simpson como Sensibilidad y Concepto Somos simples decidores de palabras... tTeatroaAyleen y Hussein  2Tesauro de Arte & ArquitecturaaARTE 2Tesauro de Arte & ArquitecturaaHISTORIA 2Tesauro de Arte & ArquitecturaaARTE COSTARRICENSE 2Tesauro de Arte & ArquitecturaaCULTURA 2Tesauro de Arte & ArquitecturaaARTE LATINOAMERICANO 2Tesauro de Arte & ArquitecturaaTEORIA 2Tesauro de Arte & ArquitecturaaCRITICA 2Tesauro de Arte & ArquitecturaaTEATRO 2Tesauro de Arte & ArquitecturaaCOSTA RICA